Most TT wins - Statistics

General Stats
  • This quiz has been taken 15 times
  • The average score is 8 of 15
Answer Stats
Wins Rider % Correct
26 Joey Dunlop
100%
29 Michael Dunlop
100%
23 John McGuinness
73%
14 Peter Hickman
73%
10 Giacomo Agostini
64%
16 Ian Hutchinson
55%
14 Mike Hailwood
55%
17 Dave Molyneux
45%
11 Steve Hislop
45%
14 Ben Birchall
36%
12 Bruce Anstey
36%
14 Tom Birchall
36%
11 Phillip McCallen
27%
12 Ian Lougher
9%
10 Rob Fisher
9%
No matching quizzes found
Score Distribution
Percent of People with Each Score
Percentile by Number Answered
Your Score History
You have not taken this quiz